000
00264nam a22001217a 4500
008
181020b xxu||||| |||| 00| 0 eng d
041
_a
eng
080
_a
941
100
_a
17
101
_a
HIS
245
_a
The Border South States
_c
Peirce, N.R
942
_2
udc
_c
BK
999
_c
50341
_d
50341